Try to name all of Carolina Crown's shows - Statistics

General Stats
  • This quiz has been taken 8 times
    2 since last reset
  • The average score is 14 of 34
Answer Stats
Year Show % Correct
2018 Beast
100%
2013* e=mc2
100%
2015 Inferno
100%
2024 Promethean
100%
2005 Angelus
50%
2010 A Sec2nd Chance
50%
2003 Bell-isimo!
50%
2019 Beneath the Surface
50%
2004 Bohemia!
50%
1996 Chess... and the Art of Strategy
50%
2008 Finis
50%
2012 For the Common Good
50%
2021 In My Mind
50%
2006 In.trance.it
50%
2017 It Is...
50%
2014 Out of This World
50%
2011 Rach Star
50%
2016 Relentless
50%
2022 Right Here, Right Now!
50%
2009 The Grass Is Always Greener
50%
2000 The Mask of Zorro
50%
2023 The Round Table: Echoes of Camelot
50%
2007 Triple Crown
50%
1994 A Southwestern Impression
0%
2002 Greek Mythology, Stories of Gods and Heroes
0%
1998 Heroes: Then and Now
0%
2001 Industry
0%
1999 Jekyll and Hyde
0%
1993 La Fiesta Mexicana
0%
1997 Postcards from Britain
0%
1995 Stormworks
0%
1992 The Dances of Malcolm Arnold
0%
1990 The Music Man
0%
1991 The Music of Prokofiev
0%
No matching quizzes found
Score Distribution
Percent of People with Each Score
Percentile by Number Answered
Your Score History
You have not taken this quiz since the last reset